[Event "Wch Seniors 65 29th"]
[Site "Bucharest"]
[Date "2019.11.13"]
[Round "2"]
[White "Stasans, Aivars"]
[Black "Fernandez Garcia, Jose Luis"]
[Result "0-1"]
[WhiteElo "2095"]
[BlackElo "2404"]
[PlyCount "106"]
[EventDate "2019.11.12"]
[EventType "swiss"]
[EventRounds "11"]
[EventCountry "ROU"]
[SourceTitle "CBM 193 Extra"]
[Source "ChessBase"]
[SourceDate "2020.01.31"]
[SourceVersion "1"]
[SourceVersionDate "2020.01.31"]
[SourceQuality "1"]

1. d4 Nf6 2. Nc3 d5 3. Bf4 e6 4. e3 a6 5. Nf3 c5 6. dxc5 Bxc5 7. Bd3 Nc6 8. 0-0 Bd7 9. e4 d4 10. Ne2 Nh5 11. Bd2 e5 12. b4 Bd6 13. b5 axb5 14. Bxb5 0-0 15. Ng3 Nxg3 16. hxg3 Na5 17. Bxd7 Qxd7 18. c3 d3 19. Qb1 Bc7 20. Rd1 Rfd8 21. Ne1 Qc6 22. Nxd3 Qxe4 23. Nb4 Qxb1 24. Raxb1 Nc4 25. Be1 Rxd1 26. Rxd1 Rd8 27. Rxd8+ Bxd8 28. Kf1 f5 29. Ke2 e4 30. f3 Kf7 31. Bf2 h5 32. Nd5 Bg5 33. Nb6 Nb2 34. Bd4 Bd8 35. c4 Bxb6 36. Bxb2 Bc5 37. fxe4 fxe4 38. Bc1 Ke6 39. Bf4 Kf5 40. Bc7 Bd4 41. Bf4 g5 42. Bc7 Kg4 43. Kf1 Bc5 44. Bb8 Kf5 45. Ke2 Ke6 46. Bc7 Kd7 47. Be5 g4 48. Bf4 Kc6 49. Kd2 Bd4 50. Kc2 Kc5 51. Kb3 Bf2 52. Bb8 e3 53. Ba7+ b6 0-1

[Event "Panevezys Elite op"]
[Site "Panevezys"]
[Date "2019.06.25"]
[Round "3"]
[White "Zaura, Vidmantas"]
[Black "Stasans, Aivars"]
[Result "0-1"]
[WhiteElo "2223"]
[BlackElo "2039"]
[PlyCount "116"]
[EventDate "2019.06.24"]
[EventType "swiss"]
[EventRounds "9"]
[EventCountry "LTU"]
[SourceTitle "CBM 191 Extra"]
[Source "ChessBase"]
[SourceDate "2019.09.30"]
[SourceVersion "1"]
[SourceVersionDate "2019.09.30"]
[SourceQuality "1"]

1. Nf3 Nf6 2. g3 b6 3. Bg2 Bb7 4. 0-0 g6 5. d4 Bg7 6. c4 0-0 7. Nc3 Ne4 8. Qc2 Nxc3 9. bxc3 d6 10. Rd1 Nd7 11. Be3 Qe8 12. h4 Nf6 13. d5 e5 14. Bg5 Nd7 15. e4 Ba6 16. Bf1 Nc5 17. Re1 Qa4 18. Rac1 Qxc2 19. Rxc2 f5 20. exf5 gxf5 21. Be3 Rae8 22. Bxc5 bxc5 23. Ng5 Bc8 24. Bg2 h6 25. Ne6 Bxe6 26. dxe6 e4 27. f3 Rxe6 28. fxe4 Rfe8 29. Bh3 Rxe4 30. Rxe4 fxe4 31. Bf5 e3 32. Kf1 Be5 33. g4 Bg3 34. Ke2 Bxh4 35. Rb2 Bg5 36. Rb7 Kg7 37. Rxc7+ Kf6 38. Rd7 Bf4 39. Rxa7 Rb8 40. Kf3 Rb2 41. Bd3 Rf2+ 42. Ke4 Bg5 43. Rb7 Rxa2 44. Rb1 Ke6 45. Rf1 Rd2 46. Rg1 Rf2 47. Rf1 e2 48. Re1 Rf4+ 49. Ke3 Rxc4+ 50. Kxe2 Rxc3 51. Bf5+ Kf6 52. Bd3 d5 53. Rf1+ Ke5 54. Rf7 c4 55. Bf5 Re3+ 56. Kf2 Kd4 57. Rd7 Re5 58. Rc7 Kc3 0-1

[Event "Panevezys Elite op"]
[Site "Panevezys"]
[Date "2019.06.24"]
[Round "1"]
[White "Kubicka, Anna"]
[Black "Stasans, Aivars"]
[Result "1-0"]
[WhiteElo "2162"]
[BlackElo "2039"]
[PlyCount "63"]
[EventDate "2019.06.24"]
[EventType "swiss"]
[EventRounds "9"]
[EventCountry "LTU"]
[SourceTitle "CBM 191 Extra"]
[Source "ChessBase"]
[SourceDate "2019.09.30"]
[SourceVersion "1"]
[SourceVersionDate "2019.09.30"]
[SourceQuality "1"]

1. e4 c5 2. Nf3 Nc6 3. d4 cxd4 4. Nxd4 Nf6 5. Nc3 e5 6. Ndb5 d6 7. Bg5 a6 8. Na3 b5 9. Nd5 Be7 10. Bxf6 Bxf6 11. c4 b4 12. Nc2 a5 13. g3 0-0 14. Bg2 Bg5 15. 0-0 g6 16. b3 Rb8 17. Qd3 Be6 18. f4 exf4 19. gxf4 Bh6 20. Kh1 f5 21. Rad1 Qd7 22. Nde3 fxe4 23. Qxe4 Ne7 24. Nd4 Rf6 25. Nxe6 Qxe6 26. Nd5 Nf5 27. Nxf6+ Qxf6 28. Bh3 Bf8 29. Bxf5 gxf5 30. Qd5+ Kh8 31. Rg1 Be7 32. Rg2 1-0

[Event "Baltija Cup 16th"]
[Site "Palanga"]
[Date "2019.06.20"]
[Round "6"]
[White "Berzina, Ilze"]
[Black "Stasans, Aivars"]
[Result "1/2-1/2"]
[WhiteElo "2252"]
[BlackElo "2039"]
[PlyCount "28"]
[EventDate "2019.06.17"]
[EventType "swiss"]
[EventRounds "7"]
[EventCountry "LTU"]
[SourceTitle "CBM 191 Extra"]
[Source "ChessBase"]
[SourceDate "2019.09.30"]
[SourceVersion "1"]
[SourceVersionDate "2019.09.30"]
[SourceQuality "1"]

1. e4 c5 2. Nf3 Nc6 3. Bb5 g6 4. 0-0 Bg7 5. Re1 e5 6. c3 Nge7 7. d4 cxd4 8. cxd4 exd4 9. Bf4 a6 10. Bc4 d6 11. Nbd2 0-0 12. Bb3 Ne5 13. Bg3 Nd3 14. Bf4 Ne5 1/2-1/2

[Event "Baltija Cup 16th"]
[Site "Palanga"]
[Date "2019.06.19"]
[Round "4"]
[White "Stasans, Aivars"]
[Black "Stremavicius, Titas"]
[Result "0-1"]
[WhiteElo "2039"]
[BlackElo "2477"]
[PlyCount "96"]
[EventDate "2019.06.17"]
[EventType "swiss"]
[EventRounds "7"]
[EventCountry "LTU"]
[SourceTitle "CBM 191 Extra"]
[Source "ChessBase"]
[SourceDate "2019.09.30"]
[SourceVersion "1"]
[SourceVersionDate "2019.09.30"]
[SourceQuality "1"]

1. e4 g6 2. d4 Bg7 3. Nc3 d6 4. Be3 a6 5. a4 b6 6. Qd2 Bb7 7. h4 Nf6 8. f3 h5 9. Nh3 Nbd7 10. Ng5 Nh7 11. Nxh7 Rxh7 12. Rd1 c5 13. Nd5 Nf6 14. Nxf6+ Bxf6 15. c3 Qc7 16. d5 Bc8 17. g3 Bd7 18. Ra1 Rh8 19. Kf2 Kf8 20. Bc4 Kg7 21. Qe2 Qb7 22. Bg5 b5 23. axb5 axb5 24. Bxf6+ exf6 25. Bd3 Rhe8 26. b3 f5 27. Qb2 fxe4 28. c4+ f6 29. Rxa8 Rxa8 30. fxe4 bxc4 31. Bxc4 Re8 32. Kg2 Rxe4 33. Rf1 Bf5 34. Qa3 Qe7 35. Qb2 Re3 36. Qf2 Qe4+ 37. Kh2 Qe5 38. Ra1 Qxa1 39. Qxe3 Qb2+ 40. Kg1 Qb1+ 41. Kf2 Qe4 42. Qf4 Qxf4+ 43. gxf4 Bc2 44. Ke3 Kh6 45. Kd2 Be4 46. Ke3 Bh1 47. Kf2 g5 48. Kg3 Be4 0-1

[Event "LAT-ch"]
[Site "Riga"]
[Date "2019.05.04"]
[Round "8"]
[White "Stasans, Aivars"]
[Black "Kolasa, Pjotrs"]
[Result "0-1"]
[WhiteElo "2008"]
[BlackElo "2020"]
[PlyCount "78"]
[EventDate "2019.04.29"]
[EventType "swiss"]
[EventRounds "9"]
[EventCountry "LAT"]
[SourceTitle "CBM 190 Extra"]
[Source "ChessBase"]
[SourceDate "2019.07.15"]
[SourceVersion "1"]
[SourceVersionDate "2019.07.15"]
[SourceQuality "1"]

1. e4 e5 2. Nf3 Nc6 3. Bb5 a6 4. Ba4 Nf6 5. d3 b5 6. Bb3 Be7 7. 0-0 0-0 8. Re1 d6 9. c3 Na5 10. Bc2 c5 11. Nbd2 Bb7 12. Nf1 Re8 13. Ng3 h6 14. Nf5 Bf8 15. h3 d5 16. exd5 Qxd5 17. a4 b4 18. Ne3 Qc6 19. Nc4 Nxc4 20. dxc4 Rad8 21. Qe2 bxc3 22. bxc3 e4 23. Nh2 e3 24. fxe3 Ne4 25. Nf3 Bd6 26. Bxe4 Qxe4 27. Ba3 Re6 28. Rad1 Rde8 29. Rxd6 Rxd6 30. Bxc5 Rg6 31. Kf1 Qf5 32. Bd4 Be4 33. Rd1 Rb8 34. Rd2 Rg3 35. Qf2 Rb1+ 36. Ne1 Qg6 37. Be5 Rxg2 38. Qxg2 Bxg2+ 39. Rxg2 Rxe1+ 0-1

[Event "LAT-chT"]
[Site "Riga"]
[Date "2018.12.16"]
[Round "11.4"]
[White "Aleksandrov, Aleksej"]
[Black "Stasans, Aivars"]
[Result "1-0"]
[WhiteElo "2590"]
[BlackElo "1999"]
[PlyCount "91"]
[EventDate "2018.06.09"]
[EventType "team-tourn"]
[EventRounds "11"]
[EventCountry "LAT"]
[SourceTitle "CBM 189 Extra"]
[Source "ChessBase"]
[SourceDate "2019.05.31"]
[SourceVersion "1"]
[SourceVersionDate "2019.05.31"]
[SourceQuality "1"]
[WhiteTeam "Termo Eko/RSF"]
[BlackTeam "Rigas Saha School Nakotne"]
[WhiteTeamCountry "LAT"]
[BlackTeamCountry "LAT"]

1. d4 d5 2. c4 e6 3. Nc3 c5 4. cxd5 exd5 5. Nf3 Nc6 6. g3 Nf6 7. Bg2 Be7 8. 0-0 0-0 9. b3 Ne4 10. Bb2 Bf6 11. Na4 Re8 12. Rc1 cxd4 13. Nxd4 Nxd4 14. Bxd4 b6 15. Bxf6 Nxf6 16. Nc3 Be6 17. Nb5 Re7 18. Qd2 Rc8 19. Rxc8 Qxc8 20. Rc1 Qb8 21. Qc3 h6 22. e3 Ne4 23. Qc6 Qe5 24. Nd4 Bd7 25. Qc7 Qf6 26. Rc2 a5 27. h4 Kh7 28. Qd8 Qd6 29. h5 Re8 30. Qc7 Qxc7 31. Rxc7 Rd8 32. Rb7 Nc3 33. a4 Bg4 34. Rxb6 Bxh5 35. Ra6 Ne2+ 36. Nxe2 Bxe2 37. Rxa5 d4 38. exd4 Rxd4 39. Rd5 Rb4 40. Rd2 Bg4 41. Bd5 Kg6 42. f3 Bf5 43. Bc4 Kf6 44. a5 Rb7 45. a6 Rc7 46. Ra2 1-0

[Event "Panevezys Elite op"]
[Site "Panevezys"]
[Date "2018.06.30"]
[Round "2"]
[White "Bekasovs, Rihards"]
[Black "Stasans, Aivars"]
[Result "1/2-1/2"]
[WhiteElo "2052"]
[BlackElo "2110"]
[PlyCount "103"]
[EventDate "2018.06.29"]
[EventType "swiss"]
[EventRounds "9"]
[EventCountry "LTU"]
[SourceTitle "CBM 185 Extra"]
[Source "ChessBase"]
[SourceDate "2018.07.29"]
[SourceVersion "1"]
[SourceVersionDate "2018.07.29"]
[SourceQuality "1"]

1. Nf3 Nf6 2. c4 g6 3. b3 Bg7 4. Bb2 0-0 5. g3 c5 6. Bg2 Nc6 7. 0-0 d6 8. d4 cxd4 9. Nxd4 Nxd4 10. Bxd4 Qa5 11. e3 Rb8 12. Bc3 Qc7 13. Nd2 b5 14. Rc1 b4 15. Bd4 e5 16. Bb2 Bb7 17. Bxb7 Rxb7 18. Qf3 Rb6 19. Rfd1 Qc6 20. Qxc6 Rxc6 21. a3 a5 22. axb4 axb4 23. Ra1 Rb8 24. Ra5 Ne8 25. Kf1 f5 26. Ke2 Nc7 27. Rda1 Kf7 28. Ra7 Bf6 29. h4 Ke6 30. e4 h6 31. R1a5 Bd8 32. Ra2 Rbb6 33. f3 Ra6 34. R2xa6 Rxa6 35. Rb7 Ra2 36. Bc1 Na6 37. exf5+ gxf5 38. Rh7 Nc5 39. Rxh6+ Bf6 40. g4 Nxb3 41. Kd1 Nxc1 42. Kxc1 fxg4 43. fxg4 Kf7 44. Ne4 Be7 45. Nxd6+ Bxd6 46. Rxd6 Rg2 47. Rb6 Rxg4 48. Rxb4 Rxh4 49. Rb6 Rxc4+ 50. Kd2 Ke7 51. Ke3 Ra4 52. Rh6 1/2-1/2

[Event "Riga President Blitz Cup"]
[Site "Riga"]
[Date "2018.01.27"]
[Round "2"]
[White "Stasans, Aivars"]
[Black "Meskovs, Nikita"]
[Result "1/2-1/2"]
[WhiteElo "2124"]
[BlackElo "2546"]
[PlyCount "97"]
[EventDate "2018.01.27"]
[EventType "swiss (blitz)"]
[EventRounds "11"]
[EventCountry "LAT"]
[SourceTitle "CBM 182 Extra"]
[Source "ChessBase"]
[SourceDate "2018.02.23"]
[SourceVersion "1"]
[SourceVersionDate "2018.02.23"]
[SourceQuality "1"]

1. e4 c5 2. Nc3 Nc6 3. f4 g6 4. Nf3 Bg7 5. Bb5 Nd4 6. 0-0 Nxb5 7. Nxb5 d6 8. d3 a6 9. Nc3 Nf6 10. Qe1 0-0 11. Qh4 e6 12. f5 exf5 13. Bg5 h6 14. Bxh6 Ng4 15. Bxg7 Kxg7 16. Qxd8 Rxd8 17. Nd5 Be6 18. Nb6 Rab8 19. exf5 Bxf5 20. Rae1 Re8 21. Nd5 Rbc8 22. Ne7 Rcd8 23. Nxf5+ gxf5 24. Nh4 Rxe1 25. Rxe1 Kf6 26. h3 Nh6 27. Kf2 b5 28. Kf3 Kg5 29. g3 Ng8 30. Ng2 b4 31. Nf4 a5 32. Nd5 a4 33. h4+ Kg6 34. Ne7+ Kf6 35. Nxg8+ Rxg8 36. Kf4 b3 37. cxb3 axb3 38. a3 Rg4+ 39. Kf3 Rd4 40. Ke3 Ke5 41. Rh1 Kf6 42. Rc1 Rg4 43. Kf3 Rd4 44. Ke3 Rg4 45. Kf3 Rd4 46. Ke3 Rg4 47. Kf3 Rd4 48. Ke3 Rg4 49. Kf3 1/2-1/2

[Event "Panevezys op-A"]
[Site "Panevezys"]
[Date "2017.07.04"]
[Round "2"]
[White "Juksta, Karolis"]
[Black "Stasans, Aivars"]
[Result "0-1"]
[WhiteElo "2090"]
[BlackElo "2117"]
[PlyCount "50"]
[EventDate "2017.07.03"]
[EventType "swiss"]
[EventRounds "9"]
[EventCountry "LTU"]
[SourceTitle "CBM 179 Extra"]
[Source "ChessBase"]
[SourceDate "2017.08.23"]
[SourceVersion "1"]
[SourceVersionDate "2017.08.23"]
[SourceQuality "1"]

1. d4 d5 2. c4 e6 3. Nc3 Be7 4. Bf4 Nf6 5. e3 0-0 6. Nf3 c5 7. Bd3 Nc6 8. 0-0 dxc4 9. Bxc4 a6 10. dxc5 Bxc5 11. Qxd8 Rxd8 12. Na4 Ba7 13. Bc7 b5 14. Bxd8 Nxd8 15. Bb3 bxa4 16. Bxa4 Bb7 17. Rac1 Bd5 18. Nd2 Kf8 19. Rfe1 Bb6 20. b4 Bxa2 21. Nc4 Bxc4 22. Rxc4 Nd5 23. g3 a5 24. bxa5 Bxa5 25. Rd1 Rb8 0-1

[Event "Plunge op 36th"]
[Site "Plateliai"]
[Date "2016.07.19"]
[Round "3"]
[White "Stasans, Aivars"]
[Black "Meskenaite, Rugile"]
[Result "1/2-1/2"]
[WhiteElo "2122"]
[BlackElo "1702"]
[PlyCount "50"]
[EventDate "2016.07.18"]
[EventType "swiss"]
[EventRounds "9"]
[EventCountry "LTU"]
[SourceTitle "EXT 2018"]
[Source "ChessBase"]
[SourceDate "2017.10.13"]
[SourceVersion "1"]
[SourceVersionDate "2017.10.13"]
[SourceQuality "1"]

1. e4 e5 2. Nf3 Nc6 3. d4 exd4 4. Nxd4 Bc5 5. Nb3 Bb6 6. Nc3 Nf6 7. Bg5 Qe7 8. Qe2 Qe5 9. f4 Qe6 10. 0-0-0 0-0 11. e5 Ng4 12. Ne4 h6 13. h3 Ngxe5 14. fxe5 hxg5 15. c4 Qxe5 16. c5 Ba5 17. Qc4 b6 18. h4 Qf4+ 19. Kb1 gxh4 20. g3 hxg3 21. Bd3 Ne5 22. Nf6+ Qxf6 23. Bh7+ Kh8 24. Bg6+ Kg8 25. Bh7+ Kh8 1/2-1/2

[Event "LAT-ch"]
[Site "Riga"]
[Date "2014.04.29"]
[Round "1"]
[White "Meskovs, Nikita"]
[Black "Stasans, Aivars"]
[Result "1-0"]
[WhiteElo "2440"]
[BlackElo "2152"]
[PlyCount "89"]
[EventDate "2014.04.29"]
[EventType "swiss"]
[EventRounds "9"]
[EventCountry "LAT"]
[SourceTitle "CBM 160 Extra"]
[Source "ChessBase"]
[SourceDate "2014.07.01"]
[SourceVersion "1"]
[SourceVersionDate "2014.07.01"]
[SourceQuality "1"]

1. c4 e6 2. Nc3 d5 3. d4 Bb4 4. Nf3 Nf6 5. e3 0-0 6. Bd3 c5 7. 0-0 Nc6 8. a3 Bxc3 9. bxc3 Qc7 10. Bb2 Rd8 11. Qe2 b6 12. h3 Bb7 13. cxd5 exd5 14. Rfe1 h6 15. Rad1 c4 16. Bc2 b5 17. Nd2 a5 18. e4 b4 19. e5 Nh7 20. Nf1 Qe7 21. axb4 axb4 22. Ne3 Bc8 23. Nxd5 Qf8 24. Nb6 Ra2 25. Bb1 bxc3 26. Bxa2 cxb2 27. Qxb2 Nb4 28. Bxc4 Bf5 29. g4 Bc2 30. Rd2 Ng5 31. Re3 Be4 32. Qb3 Bc6 33. f4 Ne4 34. Rb2 Rxd4 35. Qxb4 Rd1+ 36. Kh2 Rd2+ 37. Re2 Rxe2+ 38. Bxe2 Qd8 39. Bf3 Qd3 40. Bxe4 Bxe4 41. Nd7 Qf3 42. Qf8+ Kh7 43. Nf6+ Kg6 44. Nxe4 Qxe4 45. Qd6+ 1-0

[Event "Riga Tech op 3rd"]
[Site "Riga"]
[Date "2013.08.06"]
[Round "3"]
[White "Socko, Bartosz"]
[Black "Stasans, Aivars"]
[Result "1/2-1/2"]
[WhiteElo "2646"]
[BlackElo "2128"]
[PlyCount "163"]
[EventDate "2013.08.05"]
[EventType "swiss"]
[EventRounds "9"]
[EventCountry "LAT"]
[SourceTitle "CBM 155 Extra"]
[Source "ChessBase"]
[SourceDate "2013.08.26"]
[SourceVersion "1"]
[SourceVersionDate "2013.08.26"]
[SourceQuality "1"]

1. d4 d5 2. c4 e6 3. Nc3 Bb4 4. e3 c5 5. dxc5 Nf6 6. Bd2 dxc4 7. Bxc4 Bxc5 8. Nf3 Nc6 9. e4 h6 10. 0-0 e5 11. Be3 Qxd1 12. Nxd1 Bxe3 13. Nxe3 0-0 14. Bd5 Bd7 15. Nc4 Nb4 16. Ncxe5 Bb5 17. Rfd1 Nfxd5 18. exd5 Rfd8 19. d6 f6 20. Ng6 Nd3 21. Ne7+ Kf7 22. Nf5 g6 23. Nxh6+ Kg7 24. Ng4 Rxd6 25. Rd2 Rad8 26. Rad1 R6d7 27. Ne3 Bc6 28. b3 Kf7 29. Nh4 b5 30. g3 a5 31. f4 a4 32. bxa4 bxa4 33. Nc2 Be4 34. Ng2 Bf3 35. Rf1 Be4 36. Nge3 Nc5 37. Rxd7+ Rxd7 38. Nb4 Rd4 39. a3 Rd2 40. Rf2 Rd7 41. Re2 Bb7 42. Rc2 Nb3 43. Kf2 Nd2 44. Nc4 Ne4+ 45. Ke2 Re7 46. Kd1 Kf8 47. Kc1 Rc7 48. Nb6 Rxc2+ 49. Kxc2 Nc5 50. Kc3 Ke7 51. Kd4 Nb3+ 52. Kc4 Nd2+ 53. Kd3 Nf1 54. Nxa4 Nxh2 55. Nc5 Ba8 56. Ke2 Kd6 57. Ncd3 g5 58. Nc2 gxf4 59. Nxf4 Ng4 60. Kd3 Bc6 61. Kd4 Ne5 62. Nb4 Bb7 63. a4 Nf3+ 64. Kc4 Nd2+ 65. Kb5 Nf1 66. Kb6 Bc8 67. Nh5 Ne3 68. Nxf6 Nc4+ 69. Ka7 Ke6 70. Nfd5 Bd7 71. Nc3 Bxa4 72. Nxa4 Kf5 73. Nc3 Kg4 74. Ne2 Nd6 75. Nd3 Kf3 76. Ne5+ Kxe2 77. g4 Ke3 78. g5 Kf4 79. g6 Ne8 80. Nf7 Kf5 81. Nd6+ Kxg6 82. Nxe8 1/2-1/2

[Event "LAT-chT Higher League"]
[Site "Ventspils"]
[Date "2013.05.18"]
[Round "4.4"]
[White "Stasans, Aivars"]
[Black "Kretainis, Kristaps"]
[Result "1-0"]
[WhiteElo "2143"]
[BlackElo "2228"]
[PlyCount "219"]
[EventDate "2013.05.06"]
[EventType "team-match"]
[EventRounds "9"]
[EventCountry "LAT"]
[SourceTitle "EXT 2019"]
[Source "ChessBase"]
[SourceDate "2018.10.10"]
[SourceVersion "1"]
[SourceVersionDate "2018.10.10"]
[SourceQuality "1"]

1. d4 e6 2. Nf3 Nf6 3. e3 b6 4. Bd3 c5 5. 0-0 Bb7 6. c4 d6 7. Nc3 Nbd7 8. b3 a6 9. Bb2 g6 10. Qe2 Bg7 11. Rad1 Qc7 12. e4 0-0 13. Bb1 Nh5 14. Qe3 Rae8 15. dxc5 dxc5 16. Na4 Rd8 17. Bxg7 Nxg7 18. Rd2 Bc6 19. Nc3 Rfe8 20. Rfd1 Nf6 21. Qg5 Rxd2 22. Qxd2 b5 23. Qd6 Qb7 24. Nd5 exd5 25. exd5 Bxd5 26. cxd5 Nd7 27. Ng5 f5 28. Ne6 Nxe6 29. dxe6 Nf6 30. f3 c4 31. bxc4 bxc4 32. Bc2 Qe7 33. Qxe7 Rxe7 34. Rd6 a5 35. Ba4 c3 36. Rc6 Kg7 37. Bb3 f4 38. Kf2 Ra7 39. a4 Ne8 40. Ke2 Rb7 41. Rxc3 Kf6 42. Kd3 Nd6 43. Kd4 Nf5+ 44. Kd5 Rb4 45. Rd3 h5 46. Kc5 h4 47. h3 g5 48. Bc4 Rb2 49. Rd7 Ne7 50. Rd8 Ke5 51. Rd7 Kf6 52. Rd8 Ke5 53. Rd7 Kf6 54. Rd8 Ke5 55. Rf8 Rb7 56. Ra8 Rc7+ 57. Kb5 Nf5 58. Rxa5 Kf6 59. Kb4 Ne3 60. Rc5 Rb7+ 61. Bb5 Nf5 62. Kc4 Kxe6 63. a5 Rg7 64. Rc6+ Ke5 65. Rc5+ Ke6 66. Rc6+ Ke5 67. Rc5+ Ke6 68. a6 Ne3+ 69. Kd4 Nf5+ 70. Kd3 Nd6 71. Bc4+ Kf6 72. Bd5 Ra7 73. Ra5 Ke7 74. Be4 Kd7 75. Kd4 Kc7 76. Bd3 Nf7 77. Rf5 Kb6 78. Rf6+ Ka5 79. Bc4 Rd7+ 80. Kc3 Nd8 81. Rf5+ Kb6 82. Rxg5 Nc6 83. Rg4 Ne5 84. Rxf4 Rg7 85. Bf1 Rc7+ 86. Kd4 Nc6+ 87. Ke3 Ne7 88. Rf6+ Ka7 89. Kd4 Ng8 90. Re6 Ne7 91. Bd3 Rd7+ 92. Ke4 Nd5 93. Ke5 Nc7 94. Rd6 Rg7 95. Rc6 Ne8 96. Bg6 Nc7 97. f4 Nxa6 98. f5 Nb8 99. Rd6 Kb7 100. Kf6 Rc7 101. Rd2 Nd7+ 102. Kg5 Nc5 103. Kxh4 Rg7 104. g4 Ne4 105. Rb2+ Kc7 106. g5 Kd6 107. Kg4 Nc5 108. Rd2+ Ke5 109. Re2+ Ne4 110. Kf3 1-0

[Event "Riga Tech op 2nd"]
[Site "Riga"]
[Date "2012.08.06"]
[Round "1"]
[White "David, Alberto"]
[Black "Stasans, Aivars"]
[Result "1-0"]
[WhiteElo "2595"]
[BlackElo "2147"]
[PlyCount "93"]
[EventDate "2012.08.06"]
[EventType "swiss"]
[EventRounds "9"]
[EventCountry "LAT"]
[SourceTitle "CBM 149 Extra"]
[Source "ChessBase"]
[SourceDate "2012.08.24"]
[SourceVersion "1"]
[SourceVersionDate "2012.08.24"]
[SourceQuality "1"]

1. d4 d5 2. c4 c6 3. Nc3 Nf6 4. e3 a6 5. Nf3 b5 6. c5 Bg4 7. h3 Bxf3 8. gxf3 e5 9. Qb3 Nbd7 10. a4 Be7 11. Ne2 e4 12. Ng3 g6 13. fxe4 Nxe4 14. Nxe4 dxe4 15. Bg2 Nf6 16. axb5 axb5 17. Rxa8 Qxa8 18. 0-0 Qa4 19. Qxa4 bxa4 20. f3 exf3 21. Bxf3 Kd7 22. e4 Rb8 23. Rf2 h5 24. Bg2 Rb4 25. Be3 Ke6 26. Re2 Kd7 27. Kf1 Rc4 28. Rf2 Ke6 29. Ke2 Rb4 30. Kd1 Rb3 31. Re2 Kd7 32. Kc2 Nh7 33. Bd2 Ng5 34. Bc3 Ne6 35. Rf2 f6 36. h4 g5 37. Bh3 g4 38. Bg2 Rb8 39. d5 Nxc5 40. dxc6+ Kxc6 41. e5+ Kd7 42. Rd2+ Ke6 43. Bd5+ Kf5 44. exf6 Bf8 45. Bf7 Ne4 46. Rd5+ Kf4 47. Be5+ 1-0

[Event "Baltija Cup op-A"]
[Site "Palanga"]
[Date "2011.06.19"]
[Round "1"]
[White "Stasans, Aivars"]
[Black "Snezko, Marius"]
[Result "1-0"]
[WhiteElo "2167"]
[BlackElo "1772"]
[PlyCount "61"]
[EventDate "2011.06.19"]
[EventType "swiss"]
[EventRounds "8"]
[EventCountry "LTU"]
[SourceTitle "EXT 2012"]
[Source "ChessBase"]
[SourceDate "2011.11.24"]
[SourceVersion "1"]
[SourceVersionDate "2011.11.24"]
[SourceQuality "1"]

1. e4 c5 2. Nf3 Nc6 3. Nc3 g6 4. d4 cxd4 5. Nxd4 Bg7 6. Be3 Nf6 7. Bc4 Qa5 8. 0-0 0-0 9. Bb3 d6 10. h3 Bd7 11. Re1 Rfe8 12. f4 Rad8 13. Nf3 Bc8 14. Qe2 Nd7 15. Qf2 Nc5 16. Nd4 Nxd4 17. Bxd4 Bxd4 18. Qxd4 h6 19. Bd5 e6 20. b4 Qc7 21. bxc5 dxc5 22. Qf2 exd5 23. Nxd5 Qc6 24. Rad1 Kg7 25. c4 f6 26. e5 fxe5 27. fxe5 Rf8 28. Qh4 Be6 29. Nf6 Bg8 30. Rxd8 Rxd8 31. Nh5+ 1-0

[Event "Baltija Cup op 7th"]
[Site "Palanga"]
[Date "2010.06.22"]
[Round "5"]
[White "Stasans, Aivars"]
[Black "Vanagaite, Giedre"]
[Result "1/2-1/2"]
[WhiteElo "2205"]
[BlackElo "1788"]
[PlyCount "74"]
[EventDate "2010.06.20"]
[EventType "swiss"]
[EventRounds "8"]
[EventCountry "LTU"]
[SourceTitle "EXT 2022"]
[Source "ChessBase"]
[SourceDate "2021.10.06"]
[SourceVersion "1"]
[SourceVersionDate "2021.10.06"]
[SourceQuality "1"]

1. e4 c5 2. Nf3 e6 3. c4 d5 4. exd5 exd5 5. cxd5 Qxd5 6. Nc3 Qd8 7. d4 cxd4 8. Qxd4 Qxd4 9. Nxd4 Bb4 10. Ndb5 Na6 11. Bf4 Nf6 12. Nd6+ Ke7 13. 0-0-0 Rd8 14. Bxa6 bxa6 15. Nxc8+ Raxc8 16. Rhe1+ Kf8 17. Rxd8+ Rxd8 18. Kc2 Rc8 19. f3 Nd5 20. Bd2 Bd6 21. g3 Nb4+ 22. Kb1 Bc5 23. Ne4 Be7 24. Rc1 Rxc1+ 25. Bxc1 f5 26. Nc3 Bc5 27. a3 Nd3 28. b4 Bb6 29. Nd5 Nxc1 30. Kxc1 Kf7 31. Kd2 Ke6 32. Nf4+ Ke5 33. Kd3 Bg1 34. h3 Bf2 35. Ne2 Kd5 36. Nc3+ Ke5 37. Ne2 Kd5 1/2-1/2

[Event "Baltija Cup op 7th"]
[Site "Palanga"]
[Date "2010.06.21"]
[Round "3"]
[White "Petraitis, Gintautas"]
[Black "Stasans, Aivars"]
[Result "1/2-1/2"]
[WhiteElo "2020"]
[BlackElo "2205"]
[PlyCount "52"]
[EventDate "2010.06.20"]
[EventType "swiss"]
[EventRounds "8"]
[EventCountry "LTU"]
[SourceTitle "EXT 2022"]
[Source "ChessBase"]
[SourceDate "2021.10.06"]
[SourceVersion "1"]
[SourceVersionDate "2021.10.06"]
[SourceQuality "1"]

1. e4 e5 2. Nf3 Nc6 3. Bc4 Nf6 4. d3 Bc5 5. Nc3 d6 6. Bg5 h6 7. Bxf6 Qxf6 8. Nd5 Qd8 9. c3 Ne7 10. b4 Nxd5 11. bxc5 Nf4 12. g3 Nh3 13. cxd6 Qxd6 14. Ng1 Nxg1 15. Rxg1 0-0 16. Qd2 Be6 17. Bxe6 fxe6 18. Ke2 Rf7 19. f3 Raf8 20. Rgf1 c5 21. c4 Kh7 22. Rab1 g5 23. h3 b6 24. Rf2 Rd8 25. g4 Rfd7 26. Rb3 Rf7 1/2-1/2